000
00346nam a2200157Ia 4500
003
OSt
005
20240301125510.0
008
170523s9999 xx 000 0 und d
020
_a
978-0806987583
040
_c
IIMTU MEERUT
100
_a
PERRET- GENE
245
0
_a
I LOVE MY BOSS
260
_b
EXCEL BOOK
260
_c
1996
942
_2
ddc
_c
02
999
_c
819
_d
819